000 00523nam a2200169 i 4500
001 62992
003 ES-MaACL
005 20230906164749.0
007 t|
008 031127s1958 sp ||||1| spa d
100 1 _aFernández-Valdés Costas, Manuel.
_950139
245 1 0 _aFamilias antiguas de Tuy /
_cManuel Fernández-Valdés Costas.
260 _a[Pontevedra :
_bs.n.,
_c1958] (
_fArtes Gráficas)
300 _a163 p. :
_bil. ;
_c24 cm.
651 4 _aTui-
_xGenealogía.
_9157571
852 _aES-MaACL
_jC-14903
_bR.43085
999 _c62992
_d62992